<?xml version="1.0" encoding="UTF-8"?>
<record
    xmlns:xsi="http://www.w3.org/2001/XMLSchema-instance"
    xsi:schemaLocation="http://www.loc.gov/MARC21/slim http://www.loc.gov/standards/marcxml/schema/MARC21slim.xsd"
    xmlns="http://www.loc.gov/MARC21/slim">

  <leader>01105cam a2200337 i 4500</leader>
  <controlfield tag="001">005673438</controlfield>
  <controlfield tag="003">yeezen</controlfield>
  <controlfield tag="005">20250703142209.0</controlfield>
  <controlfield tag="008">231124s2021    ch     g      000 0 chi d</controlfield>
  <datafield tag="020" ind1=" " ind2=" ">
    <subfield code="a">9789869906722</subfield>
    <subfield code="q">(&#x5E73;&#x88DD;) :</subfield>
    <subfield code="c">[&#x65B0;&#x81FA;&#x5E63;850&#x5143;]</subfield>
  </datafield>
  <datafield tag="040" ind1=" " ind2=" ">
    <subfield code="a">NCNU</subfield>
    <subfield code="b">chi</subfield>
    <subfield code="c">NCNU</subfield>
    <subfield code="d">NCNU</subfield>
    <subfield code="e">CCR</subfield>
  </datafield>
  <datafield tag="041" ind1="1" ind2=" ">
    <subfield code="a">chi</subfield>
    <subfield code="h">eng</subfield>
  </datafield>
  <datafield tag="042" ind1=" " ind2=" ">
    <subfield code="a">nbic</subfield>
  </datafield>
  <datafield tag="084" ind1=" " ind2=" ">
    <subfield code="a">419.812</subfield>
  </datafield>
  <datafield tag="090" ind1=" " ind2=" ">
    <subfield code="a">419.812</subfield>
  </datafield>
  <datafield tag="100" ind1="1" ind2=" ">
    <subfield code="a">Ladwig, Gail B.</subfield>
    <subfield code="e">&#x8457;</subfield>
  </datafield>
  <datafield tag="245" ind1="1" ind2="0">
    <subfield code="a">Mosby&#x8B77;&#x7406;&#x8A3A;&#x65B7;&#x624B;&#x518A; =</subfield>
    <subfield code="b">Mosby's guide to nursing diagnosis /</subfield>
    <subfield code="c">Gail B. Ladwig&#x7B49;&#x539F;&#x8457; ; &#x90B1;&#x6587;&#x5FC3;&#x7FFB;&#x8B6F;</subfield>
  </datafield>
  <datafield tag="246" ind1="3" ind2=" ">
    <subfield code="a">&#x8B77;&#x7406;&#x8A3A;&#x65B7;&#x624B;&#x518A;</subfield>
  </datafield>
  <datafield tag="246" ind1="3" ind2="1">
    <subfield code="a">Mosby's guide to nursing diagnosis.</subfield>
  </datafield>
  <datafield tag="250" ind1=" " ind2=" ">
    <subfield code="a">6&#x7248;</subfield>
  </datafield>
  <datafield tag="260" ind1=" " ind2=" ">
    <subfield code="a">&#x81FA;&#x5317;&#x5E02; :</subfield>
    <subfield code="b">&#x81FA;&#x7063;&#x611B;&#x601D;&#x552F;&#x723E;,</subfield>
    <subfield code="c">2021.11</subfield>
  </datafield>
  <datafield tag="300" ind1=" " ind2=" ">
    <subfield code="a">863&#x9762; ;</subfield>
    <subfield code="c">21&#x516C;&#x5206;</subfield>
  </datafield>
  <datafield tag="500" ind1=" " ind2=" ">
    <subfield code="a">&#x8457;&#x8005;&#x8B6F;&#x7232;&#x84CB;&#x723E;&#xB7;B&#xB7;&#x62C9;&#x5FB7;&#x7DAD;&#x683C;</subfield>
  </datafield>
  <datafield tag="500" ind1=" " ind2=" ">
    <subfield code="a">&#x984C;&#x540D;&#x53D6;&#x81EA;&#x7248;&#x6B0A;&#x9801;</subfield>
  </datafield>
  <datafield tag="500" ind1=" " ind2=" ">
    <subfield code="a">&#x9644;&#x9304; : &#x807D;&#x529B;&#x55AA;&#x5931;&#x8207;&#x8996;&#x529B;&#x55AA;&#x5931;&#x7684;&#x8B77;&#x7406;&#x7167;&#x8B77;&#x8A08;&#x756B;</subfield>
  </datafield>
  <datafield tag="504" ind1=" " ind2=" ">
    <subfield code="a">&#x53C3;&#x8003;&#x66F8;&#x76EE; : &#x9762;[835]-863.</subfield>
  </datafield>
  <datafield tag="650" ind1=" " ind2="7">
    <subfield code="a">&#x8B77;&#x7406;&#x8A3A;&#x65B7;</subfield>
    <subfield code="2">lcstt.</subfield>
  </datafield>
  <datafield tag="700" ind1="1" ind2=" ">
    <subfield code="a">&#x90B1;&#x6587;&#x5FC3;</subfield>
    <subfield code="e">&#x7FFB;&#x8B6F;</subfield>
  </datafield>
  <datafield tag="765" ind1="0" ind2=" ">
    <subfield code="a">Mosby's guide to nursing diagnosis, 6e.</subfield>
  </datafield>
  <datafield tag="942" ind1=" " ind2=" ">
    <subfield code="2">ccl</subfield>
    <subfield code="c">LNTERM</subfield>
  </datafield>
  <datafield tag="999" ind1=" " ind2=" ">
    <subfield code="c">7650</subfield>
    <subfield code="d">7650</subfield>
  </datafield>
  <datafield tag="952" ind1=" " ind2=" ">
    <subfield code="0">0</subfield>
    <subfield code="1">0</subfield>
    <subfield code="2">ccl</subfield>
    <subfield code="4">0</subfield>
    <subfield code="7">0</subfield>
    <subfield code="a">yeezen</subfield>
    <subfield code="b">yeezen</subfield>
    <subfield code="c">N004</subfield>
    <subfield code="d">2025-07-03</subfield>
    <subfield code="l">4</subfield>
    <subfield code="m">1</subfield>
    <subfield code="o">419.812</subfield>
    <subfield code="p">C03237</subfield>
    <subfield code="q">2026-06-30</subfield>
    <subfield code="r">2026-01-02 00:00:00</subfield>
    <subfield code="s">2026-01-02</subfield>
    <subfield code="w">2025-07-03</subfield>
    <subfield code="y">LNTERM</subfield>
  </datafield>
  <datafield tag="952" ind1=" " ind2=" ">
    <subfield code="0">0</subfield>
    <subfield code="1">0</subfield>
    <subfield code="2">ccl</subfield>
    <subfield code="4">0</subfield>
    <subfield code="7">0</subfield>
    <subfield code="a">yeezen</subfield>
    <subfield code="b">yeezen</subfield>
    <subfield code="c">N020</subfield>
    <subfield code="d">2025-07-03</subfield>
    <subfield code="l">4</subfield>
    <subfield code="m">1</subfield>
    <subfield code="o">419.812</subfield>
    <subfield code="p">C03236</subfield>
    <subfield code="q">2026-06-30</subfield>
    <subfield code="r">2026-01-05 00:00:00</subfield>
    <subfield code="s">2026-01-05</subfield>
    <subfield code="w">2025-07-03</subfield>
    <subfield code="y">LNTERM</subfield>
  </datafield>
</record>
